000 00400cam a2200157ua 4500
003 OSt
008 250108b |||||||| |||| 00| 0 eng d
041 _aeng
082 _a621.384131
_bFIT/TR
100 _aFitchen, Franklin C .
_96880
245 _aTransistor circuit analysis and design /
250 _a2 /
260 _aToronto :
_bD Van nostrand co ,
_c1973.
300 _a412 ; .
942 _cBK
999 _c6021
_d6021